Most streamed songs : David Bowie - Statistics

General Stats
  • This quiz has been taken 134 times
  • The average score is 7 of 10
Answer Stats
Streams Song % Correct
460 000 000 Space Oddity
85%
361 000 000 Let's Dance
80%
707 500 000 Starman
80%
617 500 000 Heroes
74%
2 048 500 000 Under Pressure (with Queen)
72%
248 500 000 Changes
66%
375 000 000 Life On Mars?
66%
244 000 000 Modern Love
54%
437 500 000 Rebel Rebel
51%
269 500 000 Moonage Daydream
40%
No matching quizzes found
Score Distribution
Percent of People with Each Score
Percentile by Number Answered
Your Score History
You have not taken this quiz